Distance Education / (Record no. 1014)

000 -LEADER
fixed length control field 00457nam a22001817a 4500
003 - CONTROL NUMBER IDENTIFIER
control field OSt
005 - DATE AND TIME OF LATEST TRANSACTION
control field 20140116120843.0
008 - FIXED-LENGTH DATA ELEMENTS--GENERAL INFORMATION
fixed length control field 121018b xxu||||| |||| 00| 0 eng d
020 ## - INTERNATIONAL STANDARD BOOK NUMBER
International Standard Book Number 8171693091
040 ## - CATALOGING SOURCE
Original cataloging agency LoC
Language of cataloging English
050 ## - LIBRARY OF CONGRESS CALL NUMBER
Classification number LC5800.S53 2008
100 ## - MAIN ENTRY--PERSONAL NAME
Personal name Sharma, M.
245 ## - TITLE STATEMENT
Title Distance Education /
Statement of responsibility, etc Sharma, M (ed...)
300 ## - PHYSICAL DESCRIPTION
Extent viii.;463p.
Other physical details ill.: Tables
440 ## - SERIES STATEMENT/ADDED ENTRY--TITLE
Title Global Education series: 7
650 ## - SUBJECT ADDED ENTRY--TOPICAL TERM
Topical term or geographic name as entry element Education
942 ## - ADDED ENTRY ELEMENTS (KOHA)
Source of classification or shelving scheme
Koha item type Book
Holdings
Withdrawn status Lost status Source of classification or shelving scheme Damaged status Not for loan Home library Current library Date acquired Total Checkouts Full call number Barcode Date last seen Date checked out Copy number Price effective from Koha item type
          Riara University Library Riara University Library 18/10/2012 3 LC5800.S53 2008 3541/12 23/05/2013 21/05/2013 C.1 18/10/2012 Book
          Riara University Library Riara University Library 18/10/2012 2 LC5800.S53 2008 3540/12 19/03/2013 27/11/2012 C.2 18/10/2012 Book
          Riara University Library Riara University Library 18/10/2012 2 LC5800.S53 2008 3539/12 03/10/2013 31/07/2013 C.3 18/10/2012 Book

Riara University Library,
P.O. Box 49940-00100,
Nairobi, Kenya.